000 00212 a2200109 4500
020 _a9781877241512
041 _aeng
100 _aIhimaera, Witi.
245 _aWoman far walking
942 _cBK
999 _c10915
_d10915
999 _d10915